00811nam a22002177a 450000500170000001000150001702000270003203500140005903700130007308200150008610000160010124501190011726000300023627000830026630000260034950000190037570000220039494200290041699900190044595201290046420161123110700.0 aENG-116618 a9789351436911c1295.00 aEN-100150 bDBAD/PUB a343.540325 aPahwa,Manoj aA professional's guide to fema :bpractice and proedure in Q and A formate /cby Manoj Pahwa [and] Navisha Singhal aGurgaonbLexisNexisc2016 a14th Floor, Building No.10, Tower-B, DLF Cyber City, Phase-IIbGurgaone122002 axxix,811p.c22cm(pbk) aIncludes index aSinghal, Navisha  2ddccENmPAHh343.540325 c104716d104716 001040708NFICaBL1bBL1d2016-11-23eDBAD/PUBg1295.00l0o343.540325 PAHpEN-100150r2016-11-23 00:00:00t1v1295.00yEN